000 00648nam a2200241Ia 4500
003 OSt
005 20221007101935.0
006 a|||||r|||| 00| 0
007 ta
008 221006b |||||||| |||| 00| 0 eng d
024 _a8,922
037 _cTextual
040 _aLCO
_cLCO
_beng
041 _2eng
_aeng
082 _aV3:2, K8-.1
100 _aMAITLAND F W
245 0 _aConstitutional history of England.
260 _aCombridge
_bUniversity Press
_c1968
300 _a548
650 _aCONSTITUTIONAL HISTORY
_9648988
942 _hV3:2, K8-.1
_cTEXL
999 _c1178485
_d1178485